| 000 | 00773nam a2200241 a 4500 | ||
|---|---|---|---|
| 999 |
_c5228 _d5228 |
||
| 001 | 5228 | ||
| 003 | BD-JhCC | ||
| 005 | 20180217083501.0 | ||
| 008 | 171210b19982011b |||| |||| 000 0 ben d | ||
| 020 | _a9840749633 | ||
| 020 | _a9840751859 | ||
| 035 | _a(BD-JhCC)5228 | ||
| 040 |
_aBD-JhCC _dBD-JhCC |
||
| 041 | _aben | ||
| 082 |
_a491.4415 _bBAN 2011 |
||
| 245 |
_aবাংলা একাডেমী সংক্ষিপ্ত বাংলা অভিধান / _cআহমদ শরীফ (সম্পা.) |
||
| 250 | _a2nd ed. | ||
| 260 |
_aঢাকা : _bবাংলা একাডেমী, _c২০১১. |
||
| 300 |
_a597 p. : _c19 cm. |
||
| 650 |
_aBengali Dictionary _xBengali Language |
||
| 700 | _aশরীফ, আহমদ | ||
| 942 |
_2ddc _cBK |
||